000 00447nam a2200181Ia 4500
001 22369
005 20260414150826.0
008 260414t2008||||xx |||||||||||||| ||spa||
041 _aESP
082 _a621.38
_bC247E
100 _aMorgan, Brian
_eAUT
245 0 _aCCNP ISCW :
_bofficial exam certification guide
260 _c2008
300 _axxxii, 650 páginas :
_c24 cm.
650 _aTCA
654 _aCET
942 _cLIB
_dJUS
_fJUS
_2ddc
_n
999 _c22369
_d22369